[Event "Elit(Eksjo-Stockholms SS)"]
[Site "?"]
[Date "2019.03.31"]
[Round "9"]
[White "Westerberg, Jonathan"]
[Black "Heberla, Bartlomiej"]
[Result "1/2-1/2"]
[WhiteElo "2542"]
[BlackElo "2550"]
[PlyCount "120"]
1. Nf3 g6 2. d4 d6 3. e4 Nf6 4. Bd3 Bg7 5. O-O O-O 6. Re1 Nc6 7. Nbd2 e5 8.
dxe5 dxe5 9. Nc4 Qe7 10. c3 a5 11. a4 Rd8 12. Qe2 h6 13. Ne3 Be6 14. Nd2 Nb8
15. Bc4 Nbd7 16. Bxe6 Qxe6 17. Qc4 Qxc4 18. Nexc4 Nc5 19. Nxe5 Re8 20. Nef3
Nfxe4 21. Nxe4 Nxe4 22. Be3 Nxc3 23. bxc3 Bxc3 24. Kf1 Bxe1 25. Kxe1 Rad8 26.
Rc1 Rd7 27. Rc4 g5 28. g4 c6 29. Ke2 Rd5 30. h4 f6 31. hxg5 hxg5 32. Nd2 Rde5
33. Kf3 Kf7 34. Rc1 Rd5 35. Nc4 Re7 36. Rb1 Kg6 37. Rb3 Red7 38. Nb6 Rd3 39.
Rb2 Rh7 40. Nc4 Rd5 41. Nb6 Rd1 42. Bd2 Rh3+ 43. Ke2 Rg1 44. Nc4 Rxg4 45. Nxa5
Re4+ 46. Kf1 f5 47. Kg2 g4 48. Rxb7 f4 49. Bxf4 Rxf4 50. Nxc6 Ra3 51. Ne7+ Kh6
52. Rb6+ Kg7 53. Nd5 Rfxa4 54. Ne3 Rf4 55. Kg3 Raa4 56. Rb7+ Kg6 57. Rb6+ Kf7
58. Rb7+ Ke6 59. Rb6+ Kd7 60. Rg6 Rf3+ 1/2-1/2

[Event "Elit(Rockaden,Sthlm-Limhamn)"]
[Site "?"]
[Date "2019.03.31"]
[Round "9"]
[White "Hammer, Jon Ludvig"]
[Black "Johansson, Linus"]
[Result "0-1"]
[WhiteElo "2652"]
[BlackElo "2477"]
[PlyCount "114"]
1. d4 Nf6 2. c4 e6 3. Nf3 c5 4. Nc3 cxd4 5. Nxd4 d5 6. cxd5 Nxd5 7. Bd2 Bc5 8.
Nb3 Bb6 9. g3 a5 10. Na4 Ba7 11. Bxa5 Qf6 12. e3 Bd7 13. Nc3 Bc6 14. Bb5 O-O
15. Bxc6 Nxc6 16. Nxd5 exd5 17. Bc3 d4 18. Nxd4 Nxd4 19. Bxd4 Bxd4 20. Qxd4 Qa6
21. Qd2 Rfd8 22. Qe2 Qa5+ 23. Kf1 Rd2 24. Qf3 Rc8 25. Kg2 Rcc2 26. Rhd1 Rxf2+
27. Qxf2 Rxf2+ 28. Kxf2 h5 29. Rd4 g5 30. a4 Qf5+ 31. Kg1 Qc2 32. Rf1 Qb3 33.
Rd8+ Kg7 34. Re8 Qb4 35. Re5 f6 36. Re6 Qxa4 37. Rfxf6 Qa1+ 38. Rf1 Qxb2 39.
Re7+ Kg6 40. Re6+ Kg7 41. h3 Qb5 42. Re7+ Kg6 43. Re6+ Kg7 44. Re7+ Kg6 45. Rf2
Qd5 46. Kh2 h4 47. Kg1 Qd1+ 48. Rf1 Qd6 49. Rxb7 Qxg3+ 50. Kh1 Qxh3+ 51. Kg1
Qxe3+ 52. Rf2 Qe1+ 53. Rf1 Qg3+ 54. Kh1 Qh3+ 55. Kg1 Qg4+ 56. Kh2 Qe2+ 57. Kg1
h3 0-1

[Event "Elit(Eksjo-Stockholms SS)"]
[Site "?"]
[Date "2019.03.31"]
[Round "9"]
[White "Gdanski, Jacek"]
[Black "Hauge, Lars Oskar"]
[Result "1-0"]
[WhiteElo "2464"]
[BlackElo "2466"]
[PlyCount "49"]
1. Nf3 f5 2. d3 d6 3. e4 e5 4. Nc3 Nf6 5. exf5 Bxf5 6. d4 e4 7. Nh4 Qd7 8. f3
Be7 9. Nxf5 Qxf5 10. Be2 exf3 11. Bxf3 Qe6+ 12. Qe2 Qxe2+ 13. Nxe2 Nc6 14. c3
O-O-O 15. O-O d5 16. Bg5 h6 17. Bxf6 Bxf6 18. Nf4 Ne7 19. Rae1 Rd6 20. Bg4+ Kb8
21. Nh5 Nc8 22. Re6 Rf8 23. Nxg7 Rb6 24. Rxb6 axb6 25. Ne6 1-0

[Event "Elit(Rockaden,Sthlm-Limhamn)"]
[Site "?"]
[Date "2019.03.31"]
[Round "9"]
[White "Jepson, Christian"]
[Black "Neiksans, Arturs"]
[Result "1/2-1/2"]
[WhiteElo "2387"]
[BlackElo "2552"]
[PlyCount "76"]
1. d4 Nf6 2. c4 e6 3. Nc3 Bb4 4. e3 O-O 5. Bd3 d5 6. Nf3 b6 7. O-O Bb7 8. cxd5
exd5 9. a3 Bd6 10. b4 a6 11. Qb3 Qe7 12. Re1 Nbd7 13. Ra2 b5 14. Rae2 Nb6 15.
e4 Nxe4 16. Ng5 Qd7 17. Ncxe4 dxe4 18. Bxe4 Bxe4 19. Rxe4 h6 20. Nf3 Rae8 21.
Ne5 Qf5 22. f3 Qe6 23. Qxe6 Rxe6 24. Nd3 Rxe4 25. fxe4 f5 26. e5 Be7 27. e6 Rd8
28. Ne5 Bf6 29. Nc6 Re8 30. g3 g5 31. Kf2 Kg7 32. h3 Nd5 33. Kf3 Kg6 34. g4 Bg7
35. Ne5+ Kf6 36. Nd7+ Kg6 37. Ne5+ Kf6 38. Nd7+ Kg6 1/2-1/2

[Event "Elit(Eksjo-Stockholms SS)"]
[Site "?"]
[Date "2019.03.31"]
[Round "9"]
[White "Seo, Jung Min"]
[Black "Schussler, Harry"]
[Result "1/2-1/2"]
[WhiteElo "2372"]
[BlackElo "2413"]
[PlyCount "73"]
1. d4 Nf6 2. c4 e6 3. Nf3 b6 4. g3 Ba6 5. b3 Bb4+ 6. Bd2 Be7 7. Bg2 c6 8. O-O
d5 9. Ne5 Nbd7 10. Nxd7 Nxd7 11. Bc3 Nf6 12. Nd2 O-O 13. e4 dxe4 14. Nxe4 Qc7
15. Qf3 Rac8 16. Rfd1 Nxe4 17. Qxe4 Bf6 18. Qe3 Rfd8 19. Rd2 Rd7 20. Rad1 Rcd8
21. h4 Bb7 22. Be4 h6 23. Qf3 c5 24. d5 Bxc3 25. Qxc3 exd5 26. Bxd5 Bxd5 27.
Rxd5 Rxd5 28. cxd5 Qd6 29. Qd3 Re8 30. Qb5 Re7 31. a4 h5 32. Kg2 g6 33. Kg1 Kf8
34. Qa6 Rd7 35. Qb5 Re7 36. Qa6 Rd7 37. Qb5 1/2-1/2

[Event "Elit(Eksjo-Farsta)"]
[Site "?"]
[Date "2019.03.30"]
[Round "8"]
[White "Ornstein, Axel"]
[Black "Ernst, Thomas"]
[Result "1-0"]
[WhiteElo "2301"]
[BlackElo "2329"]
[PlyCount "85"]
1. d4 d5 2. c4 c6 3. Nc3 Nf6 4. e3 e6 5. Nf3 Nbd7 6. Qc2 Bd6 7. Bd3 O-O 8. O-O
dxc4 9. Bxc4 b5 10. Be2 Bb7 11. Rd1 Qe7 12. b3 a6 13. a4 Rfc8 14. Ne4 Nxe4 15.
Qxe4 e5 16. axb5 axb5 17. Rxa8 Bxa8 18. dxe5 Nxe5 19. Nxe5 Qxe5 20. Qxe5 Bxe5
21. Ba3 Bf6 22. Bc5 Rd8 23. Rxd8+ Bxd8 24. Bg4 g6 25. e4 Bb7 26. f4 f5 27. exf5
Bc8 28. Bf3 Bxf5 29. Bxc6 Be6 30. b4 Bc4 31. Kf2 Kf7 32. Bd7 Be7 33. Bxe7 Kxe7
34. Bg4 Kd6 35. Ke3 Bd5 36. g3 h6 37. Kd4 Bc6 38. Be2 Bd7 39. Bd3 Be8 40. h4 h5
41. Bc2 Bf7 42. Be4 Be8 43. Bd3 1-0

[Event "Elit(Vasteras-Limhamn)"]
[Site "?"]
[Date "2019.03.30"]
[Round "8"]
[White "Akesson, Ralf"]
[Black "Lindgren, Philip"]
[Result "1/2-1/2"]
[WhiteElo "2362"]
[BlackElo "2379"]
[PlyCount "89"]
1. d4 d5 2. c4 c6 3. Nf3 Nf6 4. e3 Bg4 5. Qb3 Qc7 6. Ne5 Be6 7. Nc3 Nbd7 8. f4
g6 9. Bd2 Bg7 10. Rc1 dxc4 11. Bxc4 Bxc4 12. Qxc4 O-O 13. O-O Rad8 14. Rfd1 Nb6
15. Qe2 Qc8 16. Qf3 Qe6 17. b3 Nfd7 18. Ne4 Qd5 19. Bb4 Rfe8 20. Nc3 Qxf3 21.
gxf3 e6 22. Ne4 Nd5 23. Bd2 Bf8 24. Kf2 Nxe5 25. fxe5 Kg7 26. Nc5 Bxc5 27. dxc5
f5 28. exf6+ Nxf6 29. Ba5 Rxd1 30. Rxd1 Kf7 31. e4 Re7 32. Rd8 Rd7 33. Ra8 a6
34. Ke3 e5 35. Rc8 Ke6 36. Bc7 Rf7 37. Bd6 g5 38. h3 h5 39. Ke2 g4 40. hxg4
hxg4 41. fxg4 Nxe4 42. Re8+ Kd7 43. Rxe5 Nxd6 44. cxd6 Kxd6 45. Rg5 1/2-1/2

[Event "Elit(Wasa-Rockaden,Sthlm)"]
[Site "?"]
[Date "2019.03.30"]
[Round "8"]
[White "Sagit, Rauan"]
[Black "Barkhagen, Jonas"]
[Result "1/2-1/2"]
[WhiteElo "2435"]
[BlackElo "2429"]
[PlyCount "57"]
1. Nf3 Nf6 2. g3 d5 3. Bg2 c6 4. b3 Bg4 5. Bb2 Nbd7 6. O-O Bxf3 7. exf3 g6 8.
a4 Bg7 9. d3 a5 10. Nd2 O-O 11. f4 Ne8 12. Qc1 Qc7 13. Nf3 e5 14. fxe5 Nxe5 15.
Nxe5 Bxe5 16. Re1 Bxb2 17. Qxb2 Nd6 18. Bh3 Rae8 19. Qd4 Rxe1+ 20. Rxe1 Re8 21.
Re5 Rxe5 22. Qxe5 Qd8 23. Kg2 f5 24. Qd4 Nf7 25. Qa7 Qc7 26. Qe3 Qd8 27. Qa7
Qc7 28. Qe3 Qd8 29. Qa7 1/2-1/2

[Event "Elit(Wasa-Rockaden,Sthlm)"]
[Site "?"]
[Date "2019.03.30"]
[Round "8"]
[White "Hedman, Erik"]
[Black "Cramling, Pia"]
[Result "1/2-1/2"]
[WhiteElo "2378"]
[BlackElo "2462"]
[PlyCount "81"]
1. d4 Nf6 2. c4 e6 3. Nf3 b6 4. a3 d5 5. Nc3 Be7 6. cxd5 exd5 7. Qa4+ Bd7 8.
Qc2 O-O 9. g3 Qc8 10. Bg5 Be6 11. Bg2 Nbd7 12. O-O h6 13. Bf4 c6 14. Rac1 Qb7
15. Ne5 Rac8 16. e4 dxe4 17. Nxe4 Nxe4 18. Nxc6 Qxc6 19. Qxc6 Rxc6 20. Rxc6
Nef6 21. Re1 Rd8 22. Rc7 Kf8 23. Rxa7 Nd5 24. Be5 N7f6 25. Rc1 Ke8 26. Rc6 Kf8
27. b4 Bd7 28. Bxf6 Bxc6 29. Bxd5 Bxf6 30. Bxc6 Rxd4 31. Rd7 Rxd7 32. Bxd7 Bb2
33. a4 Bc3 34. b5 Ke7 35. Bc6 Kd6 36. Kg2 g5 37. Kf3 Bd4 38. Ke2 Ke5 39. h3 f5
40. Bd7 Bc5 41. Be8 1/2-1/2

[Event "Elit(Eksjo-Farsta)"]
[Site "?"]
[Date "2019.03.30"]
[Round "8"]
[White "Malesevic, Nedeljko"]
[Black "Ong, Kezli"]
[Result "1-0"]
[WhiteElo "2249"]
[BlackElo "2341"]
[PlyCount "97"]
1. d4 Nf6 2. c4 e6 3. Nf3 d5 4. cxd5 exd5 5. Bg5 Be7 6. Nc3 O-O 7. Qc2 c6 8. e3
Nbd7 9. Bd3 g6 10. O-O Re8 11. Bf4 Nh5 12. Nxd5 Nxf4 13. Nxf4 Bd6 14. Rfe1 Nf6
15. h3 Qa5 16. a3 Bd7 17. Bc4 Bxf4 18. exf4 Nd5 19. Re5 Kg7 20. b4 Qb6 21. Rae1
Nxf4 22. Rxe8 Bxe8 23. Re7 Nd5 24. Bxd5 cxd5 25. Qe2 Bb5 26. Qe5+ Qf6 27. Ng5
Qxe5 28. dxe5 Be8 29. Ne6+ Kg8 30. Nd4 Rb8 31. b5 h6 32. Rc7 h5 33. f4 h4 34.
Kf2 a6 35. b6 Bb5 36. Kf3 Bd3 37. Kg4 Bf1 38. Kxh4 Bxg2 39. Kg4 Be4 40. Kg5 Bg2
41. h4 Bh3 42. Kf6 Be6 43. h5 gxh5 44. f5 Bc8 45. Rxf7 h4 46. e6 h3 47. Nf3 d4
48. Rg7+ Kh8 49. Ne5 1-0

[Event "Elit(Wasa-Rockaden,Sthlm)"]
[Site "?"]
[Date "2019.03.30"]
[Round "8"]
[White "Lindberg, Bo"]
[Black "Wiedenkeller, Michael"]
[Result "1/2-1/2"]
[WhiteElo "2388"]
[BlackElo "2463"]
[PlyCount "105"]
1. d4 Nf6 2. Bg5 Ne4 3. Bf4 d5 4. e3 c5 5. Bd3 Nf6 6. Nf3 Nc6 7. h3 c4 8. Be2
b5 9. Nc3 a6 10. Ne5 Bb7 11. a3 e6 12. O-O Be7 13. Bf3 O-O 14. g4 Nxe5 15. Bxe5
Bc6 16. Bg2 a5 17. a4 b4 18. Ne2 Rc8 19. Bh2 Qd7 20. b3 Bb7 21. Re1 Ne4 22. f3
Nc3 23. Nxc3 bxc3 24. Bf1 cxb3 25. cxb3 Bb4 26. Qc2 Ra8 27. Bd3 h6 28. Qg2 Ba6
29. Bc2 Qe7 30. Kh1 g6 31. Bf4 Kh7 32. g5 Bd6 33. Bxd6 Qxd6 34. gxh6 Rg8 35.
Qg5 Qf8 36. Qf6 Qxh6 37. Qxf7+ Rg7 38. Qxe6 Re8 39. Qd6 Rxe3 40. Qg3 Rxe1+ 41.
Rxe1 Bc8 42. Re2 Bf5 43. Kh2 Bxc2 44. Rxc2 Rf7 45. f4 Qxf4 46. Qxf4 Rxf4 47.
Rxc3 Rxd4 48. Rc5 Rd3 49. Rxa5 Rxb3 50. Rxd5 Ra3 51. Rd4 Kh6 52. h4 g5 53.
hxg5+ 1/2-1/2

[Event "Elit(Wasa-Rockaden,Sthlm)"]
[Site "?"]
[Date "2019.03.30"]
[Round "8"]
[White "Sorensen, Hampus"]
[Black "Cramling, Dan"]
[Result "1-0"]
[WhiteElo "2230"]
[BlackElo "2329"]
[PlyCount "119"]
1. d4 Nf6 2. c4 c5 3. d5 b5 4. Qc2 Na6 5. a3 bxc4 6. e4 e6 7. Bxc4 exd5 8. exd5
Bd6 9. Qe2+ Qe7 10. Nc3 O-O 11. Qxe7 Bxe7 12. Bf4 Nh5 13. Be3 d6 14. Nb5 f5 15.
f3 Bd7 16. Ne2 Rab8 17. Nec3 Rb6 18. O-O f4 19. Bf2 Bf6 20. a4 Rfb8 21. Rac1
R8b7 22. g4 fxg3 23. hxg3 Bxb5 24. axb5 Nc7 25. Bxc5 Bxc3 26. bxc3 dxc5 27. d6+
Kf8 28. dxc7 Rxc7 29. Kg2 Rd6 30. Rfd1 Rxd1 31. Rxd1 Nf6 32. g4 Nd7 33. f4 Nb6
34. Be6 Ke7 35. f5 Na4 36. c4 h6 37. Kf3 Nb6 38. Kf4 Kf6 39. Rd8 Ke7 40. Rg8
Kf6 41. Rf8+ Ke7 42. Rf7+ Kd6 43. Rxc7 Kxc7 44. Ke5 Na4 45. f6 gxf6+ 46. Kxf6
Kd6 47. Bg8 Nc3 48. Bh7 Nd1 49. Bd3 Nf2 50. Be2 Ne4+ 51. Kg6 Ke5 52. Kxh6 Kf4
53. Kg6 Nc3 54. Bf1 Kxg4 55. Kf6 Kf4 56. Ke6 Ke4 57. Kd6 Nxb5+ 58. cxb5 Kd4 59.
Bh3 c4 60. Be6 1-0

[Event "Elit(Eksjo-Farsta)"]
[Site "?"]
[Date "2019.03.30"]
[Round "8"]
[White "Thornert, Hakan"]
[Black "Namini, Armin"]
[Result "0-1"]
[WhiteElo "2191"]
[BlackElo "2214"]
[PlyCount "136"]
1. e4 c5 2. Nc3 Nc6 3. Nge2 g6 4. d4 cxd4 5. Nxd4 Bg7 6. Be3 Nf6 7. Nxc6 bxc6
8. e5 Ng8 9. Bd4 Qa5 10. e6 Nf6 11. exf7+ Kxf7 12. Bc4+ d5 13. Bb3 Re8 14. Be5
Kg8 15. O-O Be6 16. Re1 Bf7 17. Qf3 Nd7 18. Bxg7 Kxg7 19. Rad1 Rad8 20. h4 Nf6
21. Re5 Qc7 22. Rde1 h5 23. g3 Ng4 24. Rg5 e5 25. Ne2 c5 26. c4 e4 27. Qf4 Ne5
28. Kf1 Qe7 29. cxd5 Nf3 30. Nc3 Nxe1 31. Kxe1 Qf6 32. Qe3 Qd4 33. Qe2 Re5 34.
Rxe5 Qxe5 35. Kf1 Re8 36. Kg2 e3 37. f3 Qd4 38. Kf1 Qd2 39. Ne4 Qc1+ 40. Kg2
Rd8 41. Nc3 a5 42. Nd1 Qd2 43. Kf1 Bxd5 44. Bxd5 Rxd5 45. Nxe3 Qc1+ 46. Qe1
Qxe1+ 47. Kxe1 Rd4 48. Ke2 a4 49. Nc2 Rd8 50. Na3 Kf6 51. Nc4 Rd4 52. Nd2 Ke6
53. Ke3 Kd5 54. b3 Rb4 55. Kd3 axb3 56. axb3 Rb8 57. Ke3 Rd8 58. Ne4 Kc6 59.
Kf4 Rd3 60. Kg5 Rxf3 61. Kxg6 Rxb3 62. Kxh5 Kd5 63. Nxc5 Kxc5 64. g4 Kd6 65. g5
Ke7 66. g6 Kf8 67. Kh6 Kg8 68. h5 Rb5 0-1

[Event "Elit(Vasteras-Limhamn)"]
[Site "?"]
[Date "2019.03.30"]
[Round "8"]
[White "Kretz, Johan"]
[Black "Haubro, Martin"]
[Result "1-0"]
[WhiteElo "2207"]
[BlackElo "2321"]
[PlyCount "99"]
1. d4 d5 2. c4 e6 3. Nf3 Nf6 4. Nc3 c6 5. Bg5 h6 6. Bxf6 Qxf6 7. Qb3 dxc4 8.
Qxc4 b5 9. Qb3 Nd7 10. g3 b4 11. Na4 Be7 12. Bg2 O-O 13. O-O Ba6 14. Rac1 Rac8
15. Qe3 Bb5 16. Ne5 Rfd8 17. b3 Nb8 18. Nc5 Bxc5 19. Rxc5 Qe7 20. Rfc1 Qd6 21.
Qe4 f6 22. Nc4 Bxc4 23. R1xc4 Rc7 24. e3 Rdc8 25. Qc2 Kh8 26. h4 Kg8 27. d5
exd5 28. Bxd5+ Kh8 29. Bf3 Kg8 30. h5 Kh8 31. Qf5 Nd7 32. Be4 Nf8 33. Rxb4 Qd2
34. Rd4 Qxa2 35. b4 Qg8 36. Rd6 Qb3 37. b5 a5 38. Rdxc6 Rxc6 39. Rxc6 Rd8 40.
Kh2 a4 41. Rc8 Rxc8 42. Qxc8 Qb4 43. b6 Qxe4 44. b7 Qf3 45. b8=Q Qxf2+ 46. Kh3
Qf1+ 47. Kh4 Qh1+ 48. Kg4 Qe4+ 49. Qf4 f5+ 50. Qcxf5 1-0

[Event "Elit(Wasa-Rockaden,Sthlm)"]
[Site "?"]
[Date "2019.03.30"]
[Round "8"]
[White "Moreau, Teodor"]
[Black "Bator, Robert"]
[Result "1-0"]
[WhiteElo "2322"]
[BlackElo "2378"]
[PlyCount "63"]
1. d4 d5 2. c4 c6 3. Nf3 Nf6 4. Qc2 dxc4 5. Qxc4 Bf5 6. g3 e6 7. Bg2 Be7 8. O-O
O-O 9. Nc3 Nbd7 10. Qb3 Qb6 11. Nd2 Rfd8 12. e4 Bg6 13. Nc4 Qa6 14. Bg5 h6 15.
Bh4 Re8 16. e5 Bd3 17. Ne3 Nd5 18. Bxe7 Rxe7 19. Ncxd5 cxd5 20. Rfc1 Nb6 21.
Rc3 Be2 22. Qc2 Bh5 23. Bf1 Qa4 24. Qd2 Qe8 25. Rac1 Bg6 26. b3 Rc8 27. a4 Rxc3
28. Qxc3 Kh7 29. Qc5 Na8 30. Qxa7 b6 31. Qa6 Qb8 32. Rc8 1-0

[Event "Elit(Stockholms SS-Schack 08)"]
[Site "?"]
[Date "2019.03.30"]
[Round "8"]
[White "Laveryd, Peter"]
[Black "Westerberg, Jonathan"]
[Result "1/2-1/2"]
[WhiteElo "2375"]
[BlackElo "2542"]
[PlyCount "72"]
1. e4 c5 2. Nc3 e6 3. Nge2 Nf6 4. g3 b5 5. Bg2 Bb7 6. d3 b4 7. Nb1 d5 8. Nd2
Nc6 9. O-O Be7 10. Nf4 O-O 11. exd5 exd5 12. Nf3 Re8 13. Re1 Qd6 14. a3 a5 15.
b3 Bf8 16. axb4 axb4 17. Rxa8 Rxa8 18. Bb2 d4 19. Nd2 Qc7 20. Nh5 Nxh5 21. Qxh5
g6 22. Qh4 Qd8 23. Qxd8 Nxd8 24. Bxb7 Nxb7 25. Nc4 Nd6 26. Nxd6 Bxd6 27. Ra1
Rxa1+ 28. Bxa1 Bf8 29. f4 f5 30. Bb2 Kf7 31. Kf2 Ke6 32. Kf3 h5 33. Bc1 Be7 34.
Bd2 Bd8 35. Bc1 Be7 36. Bd2 Bd8 1/2-1/2

[Event "Elit(Rockaden,Umea-LASK)"]
[Site "?"]
[Date "2019.03.30"]
[Round "8"]
[White "Tikkanen, Hans"]
[Black "Eriksson, Jorgen"]
[Result "1-0"]
[WhiteElo "2516"]
[BlackElo "2206"]
[PlyCount "97"]
[SourceDate "2019.04.06"]
1. d4 e6 2. Nf3 d5 3. e3 Nf6 4. Bd3 c5 5. b3 Nc6 6. Bb2 b6 7. O-O Be7 8. Ne5
Bb7 9. Nd2 O-O 10. f4 Nb4 11. Be2 Ne4 12. Nxe4 dxe4 13. a3 Nd5 14. Qd2 f6 15.
Ng4 cxd4 16. Bxd4 Qe8 17. c4 Nc7 18. b4 Qg6 19. b5 Rfd8 20. Qb2 h5 21. Nf2 e5
22. fxe5 fxe5 23. Bxe5 Ne6 24. Kh1 Bc5 25. Qc3 Rd7 26. Bg3 Qg5 27. Nh3 Qxe3 28.
Qxe3 Bxe3 29. Bxh5 Nc5 30. Nf4 Bd4 31. Rad1 Bf6 32. Nd5 Bxd5 33. cxd5 a6 34.
Bg4 axb5 35. Bxd7 Nxd7 36. Rfe1 Nc5 37. Bc7 Nd3 38. Re2 Bd8 39. Bxd8 Rxd8 40.
Kg1 Nc5 41. Rb2 Na4 42. Rb3 Rd6 43. Rd4 Kf7 44. Kf2 Kf6 45. Rxe4 Rxd5 46. Rf3+
Rf5 47. Rxf5+ Kxf5 48. Rb4 Nc3 49. Rb3 1-0

[Event "Elit(Rockaden,Umea-LASK)"]
[Site "?"]
[Date "2019.03.30"]
[Round "8"]
[White "Malmstig, Erik"]
[Black "Hansen, Sune Berg"]
[Result "1-0"]
[WhiteElo "2301"]
[BlackElo "2590"]
[PlyCount "79"]
1. d4 Nf6 2. c4 c5 3. d5 e5 4. Nc3 d6 5. e4 Be7 6. Bd3 Nbd7 7. Nge2 a6 8. h3 h5
9. Be3 h4 10. Qd2 Nf8 11. Ng1 Ng6 12. Nf3 Bd7 13. a4 Rb8 14. a5 b5 15. axb6
Rxb6 16. O-O Nh5 17. Ne2 O-O 18. Rfb1 Qc8 19. Kh2 f5 20. exf5 Bxf5 21. Qc2 Bxd3
22. Qxd3 Ngf4 23. Nxf4 Nxf4 24. Qe4 Qf5 25. Qxf5 Rxf5 26. b4 Rxb4 27. Rxb4 cxb4
28. Rxa6 Nd3 29. Rb6 Rf8 30. Rb7 Bf6 31. Nd2 e4 32. Nxe4 Be5+ 33. Kg1 Ra8 34.
Kf1 Rc8 35. Ke2 Nb2 36. f4 Bxf4 37. Bxf4 Rxc4 38. Kf3 Nd3 39. Bxd6 Rd4 40. Ng5
1-0

[Event "Elit(Stockholms SS-Schack 08)"]
[Site "?"]
[Date "2019.03.30"]
[Round "8"]
[White "Nyander, Joakim"]
[Black "Hauge, Lars Oskar"]
[Result "0-1"]
[WhiteElo "2229"]
[BlackElo "2466"]
[PlyCount "40"]
1. c4 f5 2. g3 Nf6 3. Bg2 g6 4. Nc3 Bg7 5. d3 d6 6. e4 Nc6 7. Nge2 O-O 8. O-O
e5 9. Nd5 f4 10. gxf4 Nh5 11. fxe5 dxe5 12. f4 Bg4 13. Bf3 Bxf3 14. Rxf3 exf4
15. Nexf4 Nd4 16. Rh3 Qd7 17. Kg2 Nxf4+ 18. Nxf4 Be5 19. Nd5 Rf2+ 20. Kxf2 Qxh3
0-1

[Event "Elit(Rockaden,Umea-LASK)"]
[Site "?"]
[Date "2019.03.30"]
[Round "8"]
[White "Cuenca Jimenez, Jose"]
[Black "Nygren, David"]
[Result "1-0"]
[WhiteElo "2512"]
[BlackElo "2273"]
[PlyCount "101"]
1. c4 e6 2. Nf3 Nf6 3. d4 c5 4. g3 d5 5. cxd5 exd5 6. Bg2 Nc6 7. O-O Be7 8. Nc3
O-O 9. Bg5 cxd4 10. Nxd4 h6 11. Be3 Re8 12. Qb3 Na5 13. Qc2 Bg4 14. Nf5 Bb4 15.
Bd4 Bxc3 16. Bxc3 Rc8 17. Ne3 Be6 18. Rfd1 Nc6 19. Qa4 Qe7 20. Qf4 Rcd8 21.
Bxf6 Qxf6 22. Qxf6 gxf6 23. Rd2 d4 24. Nc2 Bd5 25. Bf1 Be4 26. Rad1 Bxc2 27.
Rxc2 Re7 28. Bg2 Nb4 29. Rc4 Nc6 30. Bxc6 bxc6 31. Kf1 Rde8 32. Rd2 Re6 33.
Rcxd4 R8e7 34. Rd8+ Kg7 35. e3 Re5 36. Rc2 Rb7 37. b3 Re6 38. Ke2 f5 39. Rc4
Kf6 40. Ra4 Ree7 41. Ra5 Rbc7 42. Rd4 Re4 43. Rda4 Ree7 44. Rf4 c5 45. Rc4 Re5
46. b4 Rb7 47. Raxc5 Rxc5 48. bxc5 Rb2+ 49. Kf3 Ke7 50. c6 Kd8 51. Ra4 1-0

[Event "Elit(Stockholms SS-Schack 08)"]
[Site "?"]
[Date "2019.03.30"]
[Round "8"]
[White "Lokander, Martin"]
[Black "Schutz, Ingemar"]
[Result "0-1"]
[WhiteElo "2415"]
[BlackElo "2195"]
[PlyCount "84"]
1. c4 g6 2. Nc3 Bg7 3. d4 Nf6 4. e4 O-O 5. Nf3 d6 6. Be2 e5 7. d5 Nbd7 8. Be3
Ng4 9. Bg5 f6 10. Bc1 f5 11. Ng5 Ndf6 12. O-O fxe4 13. Ne6 Bxe6 14. dxe6 Nh6
15. Bg5 Nf5 16. g4 Nd4 17. Nxe4 Qe7 18. f4 Qxe6 19. f5 gxf5 20. gxf5 Qd7 21.
Bd3 Kh8 22. Bxf6 Bxf6 23. Qh5 c6 24. Rad1 Qe7 25. Nc3 Rad8 26. Be4 Qf7 27. Qh3
Qxc4 28. Kh1 Qf7 29. Rg1 d5 30. Bd3 e4 31. Be2 Nxe2 32. Nxe2 Be5 33. Rdf1 d4
34. f6 Bxf6 35. Nf4 Rg8 36. Rxg8+ Rxg8 37. Qf5 Qe7 38. Nh5 Bg7 39. Rg1 e3 40.
Nf4 Rf8 41. Qg4 Qe4+ 42. Rg2 Be5 0-1

[Event "Elit(Rockaden,Umea-LASK)"]
[Site "?"]
[Date "2019.03.30"]
[Round "8"]
[White "Larsson, Johan"]
[Black "Hillarp Persson, Tiger"]
[Result "1/2-1/2"]
[WhiteElo "2197"]
[BlackElo "2549"]
[PlyCount "120"]
1. e4 c5 2. Nc3 a6 3. g3 b5 4. Bg2 Bb7 5. d3 e6 6. Nh3 b4 7. Ne2 d5 8. O-O dxe4
9. dxe4 Nc6 10. c3 Qxd1 11. Rxd1 Nf6 12. e5 Ng4 13. f4 f6 14. exf6 gxf6 15. Nf2
Nxf2 16. Kxf2 h5 17. Be3 Rh7 18. b3 a5 19. Rac1 Nd8 20. cxb4 Bxg2 21. Kxg2 axb4
22. Bxc5 Bxc5 23. Rxc5 Rxa2 24. Kf3 Rd7 25. Rxd7 Kxd7 26. Rc4 Rb2 27. Rxb4 Nc6
28. Rb7+ Kd6 29. Rf7 Rxb3+ 30. Kf2 Rb2 31. Kf3 f5 32. Rf6 Rb3+ 33. Kf2 h4 34.
Rg6 Rb2 35. Ke3 Rb3+ 36. Kf2 Kd5 37. g4 Nb4 38. gxf5 exf5 39. Rh6 Nd3+ 40. Ke3
Ne5+ 41. Kd2 Nc4+ 42. Ke1 Rh3 43. Ng3 Rxh2 44. Nxf5 h3 45. Ng3 Nb2 46. f5 Nd3+
47. Kd1 Nf2+ 48. Ke1 Nd3+ 49. Kd1 Rg2 50. Nf1 Ke5 51. f6 Ke6 52. Ne3 Nf4 53.
Rh4 Rf2 54. Ng4 Rf1+ 55. Kd2 Ra1 56. Rh7 Ra2+ 57. Ke3 Nd5+ 58. Kf3 Ra3+ 59. Kf2
Ra4 60. Kg3 Rxg4+ 1/2-1/2

[Event "Elit(Rockaden,Umea-LASK)"]
[Site "?"]
[Date "2019.03.30"]
[Round "8"]
[White "Lindgren, Mats"]
[Black "Ahlander, Bjorn"]
[Result "0-1"]
[WhiteElo "2146"]
[BlackElo "2412"]
[PlyCount "147"]
1. e4 c5 2. c3 d5 3. exd5 Qxd5 4. d4 Nf6 5. Nf3 e6 6. Be3 cxd4 7. cxd4 Nc6 8.
Nc3 Qd6 9. a3 g6 10. Bc4 Bg7 11. Nb5 Qd8 12. Bf4 O-O 13. Bd6 Re8 14. Bc7 Qd7
15. Ne5 Nxe5 16. Bxe5 Qc6 17. Be2 Nd5 18. Rc1 Qd7 19. O-O Rd8 20. Nc3 Qe7 21.
Qb3 Nxc3 22. Rxc3 Bxe5 23. dxe5 b6 24. Bf3 Bb7 25. Bxb7 Qxb7 26. Rfc1 Qe4 27.
Re3 Qd4 28. Qc3 Qd7 29. g3 Kg7 30. Qb4 Rac8 31. Rxc8 Rxc8 32. Rc3 Qd1+ 33. Kg2
Qd5+ 34. Kh3 Rxc3 35. Qxc3 Qe4 36. f3 Qe2 37. g4 Qf2 38. b4 h6 39. Qd3 a5 40.
bxa5 bxa5 41. Qe4 g5 42. a4 Qg1 43. f4 Qf1+ 44. Kg3 gxf4+ 45. Qxf4 Qe1+ 46. Kh3
Qd1 47. Kh4 Qc2 48. h3 Qg6 49. Qe3 Kh8 50. Qc5 Qg5+ 51. Kg3 Qd8 52. Qe3 Kg7 53.
h4 Qd1 54. Qf4 Qd3+ 55. Qf3 Qd2 56. Qf4 Qe1+ 57. Kh3 Qb4 58. Qf6+ Kg8 59. Qd8+
Kh7 60. Qf6 Qc3+ 61. Kg2 Qd2+ 62. Kg3 Qd7 63. Qf4 Qc7 64. h5 Qe7 65. Qe4+ Kg7
66. Qf4 Qd8 67. Kh3 Qd3+ 68. Kh4 Qd1 69. Qf6+ Kg8 70. g5 Qxa4+ 71. Kg3 Qb3+ 72.
Kf2 Qc2+ 73. Kf3 Qd3+ 74. Kg4 0-1

[Event "Elit(Rockaden,Umea-LASK)"]
[Site "?"]
[Date "2019.03.30"]
[Round "8"]
[White "Jogstad, Martin"]
[Black "Johansson, David"]
[Result "1-0"]
[WhiteElo "2246"]
[BlackElo "2128"]
[PlyCount "125"]
1. d4 Nf6 2. c4 e6 3. g3 c5 4. Nf3 cxd4 5. Nxd4 Bb4+ 6. Bd2 Bc5 7. Nb3 Be7 8.
Bg2 Nc6 9. O-O O-O 10. Nc3 a6 11. Bf4 d6 12. Qd2 Nh5 13. Be3 Ne5 14. Qd4 Qc7
15. Nd2 Bd7 16. Rac1 Rac8 17. b3 Bc6 18. Nde4 Nf6 19. Rfd1 Nxe4 20. Nxe4 Rfd8
21. Bf4 b6 22. a4 a5 23. h3 h6 24. Be3 f5 25. Nc3 Bxg2 26. Kxg2 Qc6+ 27. Kh2
Rb8 28. Nb5 Bf6 29. Qd2 Nf7 30. Qe1 Ng5 31. Rd3 Ne4 32. Rcd1 Be7 33. f3 Nc5 34.
Bxc5 dxc5 35. R1d2 Rxd3 36. Rxd3 Rd8 37. Qd2 Rxd3 38. Qxd3 Kf7 39. e4 g6 40.
exf5 gxf5 41. g4 Kg6 42. Kg3 Bf6 43. h4 h5 44. Kf4 hxg4 45. fxg4 e5+ 46. Ke3 e4
47. gxf5+ Kxf5 48. Qf1+ Ke6 49. Qf4 Kd7 50. h5 Qe6 51. Qc7+ Ke8 52. Nd6+ Kf8
53. Qc8+ Qxc8 54. Nxc8 Bd8 55. Kxe4 Ke8 56. Kf5 Kf7 57. Ke5 Ke8 58. Ke6 Bc7 59.
h6 Kf8 60. Kd7 Bf4 61. h7 Kg7 62. Nxb6 Kxh7 63. Kc6 1-0

[Event "Elit(Rockaden,Umea-LASK)"]
[Site "?"]
[Date "2019.03.30"]
[Round "8"]
[White "Mardell, Jonas"]
[Black "Dragicevic, Drazen"]
[Result "0-1"]
[WhiteElo "2029"]
[BlackElo "2340"]
[PlyCount "113"]
1. e4 c5 2. c3 d5 3. exd5 Qxd5 4. d4 Nf6 5. Nf3 e6 6. Be3 cxd4 7. cxd4 Nc6 8.
Nc3 Qd6 9. a3 Be7 10. Bc4 O-O 11. Qd3 a6 12. b4 Rd8 13. Rd1 b5 14. Ba2 Bb7 15.
Bg5 Nxd4 16. Nxd4 e5 17. O-O exd4 18. Ne2 Nh5 19. Qf5 Nf6 20. Rxd4 Qc6 21.
Rxd8+ Rxd8 22. Nf4 h6 23. Bxh6 Qe4 24. Qg5 Ne8 25. Qg3 Rd2 26. Bb1 Qe5 27. Ng6
Qxg3 28. Nxe7+ Kf8 29. hxg3 gxh6 30. Nf5 h5 31. Re1 Rb2 32. Be4 Bxe4 33. Rxe4
Nf6 34. Re1 Ra2 35. Rc1 Kg8 36. f3 Rxa3 37. Rc6 Nd5 38. Rh6 Nxb4 39. Rxh5 Nd3
40. Ne7+ Kg7 41. Nf5+ Kg8 42. Rg5+ Kf8 43. Rh5 Ke8 44. Rh8+ Kd7 45. Ra8 b4 46.
Nd4 Kd6 47. Kf1 Kd5 48. Nc2 Ra2 49. Rd8+ Kc4 50. Ne3+ Kc3 51. Rc8+ Kd4 52. Nf5+
Ke5 53. Ne3 b3 54. f4+ Kd4 55. Nd1 b2 56. Nxb2 Rxb2 57. Rc7 0-1